Представление документа в формате MARC21

ПолеНазваниеЗначение
  Тип записи a
  Библиографический уровень m
001 Контрольный номер RU\infra-m\znanium\bibl\2216846
005 Дата корректировки 20260429142242.1
008 Кодируемые данные 250707s2025 RU g rus u
020 Индекс ISBN __
a ISBN 978-5-91768-791-9
020 Индекс ISBN __
a ISBN 978-5-16-105467-3 (электр. издание)
020 Индекс ISBN __
a ISBN 978-5-16-012437-7 (ISBN соиздателя)
040 Источник каталогиз. __
a Служба первич. каталог. Общество с ограниченной ответственностью «ЗНАНИУМ»
041 Код языка издания __
a Код языка текста rus
044 Код страны публикации __
a Код страны публикации RU
080 Индекс УДК __
a Индекс УДК 34.01
084 Индекс другой классификации/Индекс ББК __
2 Источник индекса rubbk
a Индекс другой классификации/Индекс ББК 67.0
084 Индекс другой классификации/Индекс ББК __
2 Источник индекса okso
a Индекс другой классификации/Индекс ББК 40.04.01
100 Автор __
a Автор Исаков В. Б.
q Полное имя Исаков Владимир Борисович
u Дополнение Национальный исследовательский университет "Высшая школа экономики"
245 Заглавие __
a Заглавие Фактический состав в механизме правового регулирования
b Продолж. заглавия Монография
c Ответственность Национальный исследовательский университет "Высшая школа экономики"
250 Сведения об издании __
a Основные сведения об издании 1
260 Выходные данные __
a Место издания Москва
b Издательство ООО "Юридическое издательство Норма"
c Дата издания 2026
300 Физическое описание __
a Объем 128 с.
520 Аннотация __
a Аннотация В монографии рассматриваются понятие структура и функции фактического состава — элемента фактической основы правоотношения. Анализируются пути использования фактических составов в правовом регулировании высказываются предложения по их совершенствованию. Показана роль фактических составов в динамике социалистических правовых отношений. Для научных работников преподавателей и студентов юридических вузов сотрудников правотворческих и правоприменительных органов.
521 Примеч. о цел. назн. __
a Примеч. о целев. назн. Дополнительное профессиональное образование
650 Тематические рубрики __
a Основная рубрика Право. Юридические науки
x Основная подрубрика Административное право. Муниципальное право.
655 Указ. предметных рубрик (устаревшее) __
a Жанр/ форма (устаревшее) Монография
856 Электронный адрес документа 4_
a Имя сервера/домена znanium.ru
m Помощь ebs_support@infra-m.ru
n Местонахождение сервера НИЦ ИНФРА-М
u URL https://znanium.ru/catalog/document?id=466704
856 Электронный адрес документа 48
a Имя сервера/домена znanium.ru
d Путь /cover/2216
f Электронное имя 2216846.jpg
q Тип электронного формата image/jpeg
u URL https://znanium.ru/cover/2216/2216846.jpg
911 __
u 0030=https://znanium.ru/catalog/document?id=466704